|
|
|
|
| LEADER |
00916nam a2200229 a 4500 |
| 001 |
4395026 |
| 008 |
090616s1993 nyua 000 0 eng d |
| 010 |
|
|
|a 92012433
|
| 020 |
|
|
|a 0023219033
|
| 040 |
|
|
|a DLC
|c DLC
|d DLC
|
| 082 |
0 |
0 |
|a 658.3/02
|2 20
|
| 100 |
1 |
|
|a Chapman, Elwood N.
|
| 245 |
1 |
0 |
|a Supervisor's survival kit :
|b your first step into management /
|c Elwood N. Chapman.
|
| 250 |
|
|
|a 6th ed.
|
| 260 |
|
|
|a New York :
|b Macmillan Pub. Co. ;
|a Toronto :
|b Maxwell Macmillan Canada ;
|a New York :
|b Maxwell Macmillan International,
|c c1993.
|
| 300 |
|
|
|a xi, 257 p. :
|b ill. ;
|c 26 cm.
|
| 541 |
1 |
|
|e 00014856
|
| 650 |
|
0 |
|a Supervision of employees.
|
| 650 |
|
0 |
|a Personnel management.
|
| 852 |
4 |
|
|a Ayesha Abed Library
|j General Shelf.
|
| 999 |
|
|
|c 1723
|d 1723
|
| 952 |
|
|
|0 0
|1 0
|2 ddc
|4 0
|6 658_302000000000000_CHA
|7 0
|9 14592
|a BRACUL
|b BRACUL
|c GEN
|d 2011-03-12
|l 2
|m 27
|o 658.302 CHA
|p 3010014856
|r 2017-09-25
|s 2017-03-06
|t 1
|w 2011-03-12
|y BK
|